Sports Quiz

Random Sports Quiz

Rickey Henderson's most frequent mound opponents Quiz Stats

 Plays Quiz not verified by Sporcle

Also try: Most PGA Tour Wins
Challenge
Share
Tweet
Embed
Score 0/25 Timer 08:00
0 Plays Today
Plate Appearances Pitcher % Correct
83Roger Clemens
92.5%
116Jack Morris
75.7%
61Tommy John
73.8%
89Randy Johnson
68.2%
106Dave Stieb
63.6%
59Bert Blyleven
62.6%
63Mark Langston
57.9%
82Frank Viola
57%
75Chuck Finley
56.1%
106Jimmy Key
48.6%
101Charlie Hough
45.8%
64Mike Witt
44.9%
117Frank Tanana
41.1%
Plate Appearances Pitcher % Correct
72Bruce Hurst
40.2%
68Jack McDowell
36.4%
80Mark Gubicza
34.6%
82Kevin Brown
33.6%
98Mike Flanagan
31.8%
65Teddy Higuera
31.8%
72Scott McGregor
24.3%
74Dan Petry
23.4%
90Floyd Bannister
19.6%
77Richard Dotson
13.1%
65Danny Darwin
10.3%
62Geoff Zahn
3.7%

You're not logged in!

Compare scores with friends on all Sporcle quizzes.
OR
Log In

You Might Also Like...

Show Comments

Extras

Top Quizzes Today


Score Distribution

Your Account Isn't Verified!

In order to create a playlist on Sporcle, you need to verify the email address you used during registration. Go to your Sporcle Settings to finish the process.

Report this User

Report this user for behavior that violates our Community Guidelines.

Details: